| 000 | 00431nam a2200181Ia 4500 | ||
|---|---|---|---|
| 008 | 230524s9999 xx 000 0 und d | ||
| 020 | _a9780195694833 | ||
| 082 | _bSAR | ||
| 100 | _aSubir K. Sarkar | ||
| 245 | 0 | _aConstruction Technology | |
| 250 | _a1 | ||
| 260 |
_aNew Delhi _bOxford _c2015 |
||
| 300 | _a"XII,563p;" | ||
| 500 | _aQuantity Number: 86 | ||
| 650 | _aCivil | ||
| 700 | _a Subhajit Saraswati | ||
| 942 | _cBK | ||
| 999 |
_c57149 _d57149 |
||